Harvard Business Review On Corporate Strategy (Record no. 354487)

MARC details
000 -LEADER
fixed length control field 00406nam a2200145Ia 4500
008 - FIXED-LENGTH DATA ELEMENTS--GENERAL INFORMATION
fixed length control field 230719s9999 xx 000 0 und d
041 ## - LANGUAGE CODE
Language code of text/sound track or separate title eng
082 ## - DEWEY DECIMAL CLASSIFICATION NUMBER
Classification number 658.4'012
Item number HAR
100 ## - MAIN ENTRY--PERSONAL NAME
Personal name Harvard Business Review
9 (RLIN) 127606
245 ## - TITLE STATEMENT
Title Harvard Business Review On Corporate Strategy
260 ## - PUBLICATION, DISTRIBUTION, ETC. (IMPRINT)
Date of publication, distribution, etc. 1992
Name of publisher, distributor, etc. Harvard Business
300 ## - PHYSICAL DESCRIPTION
Extent 260
365 ## - TRADE PRICE
Currency code Rs.
Price amount 298.00
700 ## - ADDED ENTRY--PERSONAL NAME
Personal name Harvard Business Review
9 (RLIN) 127606
Holdings
Withdrawn status Lost status Damaged status Not for loan Home library Current library Shelving location Date acquired Vendor Cost, normal purchase price Full call number Barcode Date last seen Cost, replacement price Bill Date Koha item type Original Barcode
        Cummins College of Engineering for Women Pune Cummins College of Engineering for Women Pune Donated Book 04/09/2017 Masurkar Enterprises 298.00 658.4'012 CCEP-DB-692 19/07/2023 298.00 19/07/2023 Books D00692